|
|
|
|
| LEADER |
00000nam0a2200000 4500 |
| 001 |
271260 |
| 005 |
20231101234423.0 |
| 035 |
|
|
|a (RuTPU)RU\TPU\book\294441
|
| 090 |
|
|
|a 271260
|
| 100 |
|
|
|a 20141006d1986 k y0rusy50 ca
|
| 101 |
0 |
|
|a rus
|
| 102 |
|
|
|a RU
|
| 105 |
|
|
|a a z 001zy
|
| 200 |
1 |
|
|a Ультразвук и термодинамические свойства вещества
|e сборник научных трудов
|f Курский государственный педагогический институт
|
| 210 |
|
|
|a Курск
|c Изд-во КГПИ
|d 1986
|
| 215 |
|
|
|a 220 с.
|c ил.
|
| 320 |
|
|
|a Библиография в конце статей
|
| 606 |
1 |
|
|a Ультразвуковые волны
|2 stltpush
|3 (RuTPU)RU\TPU\subj\63023
|9 80075
|
| 606 |
1 |
|
|a Химические вещества
|x Строение
|2 stltpush
|3 (RuTPU)RU\TPU\subj\17211
|9 42994
|
| 610 |
1 |
|
|a высокомолекулярные соединения
|
| 610 |
1 |
|
|a термические свойства
|
| 610 |
1 |
|
|a жидкости
|
| 610 |
1 |
|
|a газы
|
| 610 |
1 |
|
|a теплоемкость
|
| 610 |
1 |
|
|a расчетные значения
|
| 610 |
1 |
|
|a экспериментальные исследования
|
| 610 |
1 |
|
|a звук
|
| 610 |
1 |
|
|a скорость
|
| 610 |
1 |
|
|a ультразвук
|
| 610 |
1 |
|
|a поглощение
|
| 610 |
1 |
|
|a измерение
|
| 610 |
1 |
|
|a уравнения состояния
|
| 610 |
1 |
|
|a испарение
|
| 610 |
1 |
|
|a фторфосфатные стекла
|
| 610 |
1 |
|
|a магнитные жидкости
|
| 610 |
1 |
|
|a упругие колебания
|
| 610 |
1 |
|
|a электромагнитное возбуждение
|
| 610 |
1 |
|
|a ферромагнетики
|
| 610 |
1 |
|
|a упругие волны
|
| 610 |
1 |
|
|a диссипация
|
| 610 |
1 |
|
|a спиновые волны
|
| 675 |
|
|
|a 534-8
|v 4
|
| 675 |
|
|
|a 544.1
|v 4
|
| 712 |
0 |
2 |
|a Курский государственный педагогический институт
|2 stltpush
|3 (RuTPU)RU\TPU\col\3465
|9 23838
|
| 801 |
|
1 |
|a RU
|b 63413507
|c 20141006
|
| 801 |
|
2 |
|a RU
|b 63413507
|c 20170309
|g RCR
|
| 942 |
|
|
|c BK
|